Statistics for NFL Super Bowl Winning Coaches

Click here to take the quiz!

General Stats

  • This quiz has been taken 553 times
    (106 since last reset)
  • The average score is 41 of 54

Answer Stats

SB # Winning Team Coach % Correct
36PatriotsBill Belichick
97%
1PackersVince Lombardi
94%
54ChiefsAndy Reid
94%
48SeahawksPete Carroll
90%
27CowboysJimmy Johnson
87%
47RavensJohn Harbaugh
85%
7DolphinsDon Shula
85%
41ColtsTony Dungy
85%
44SaintsSean Payton
84%
45PackersMike McCarthy
84%
43SteelersMike Tomlin
84%
37BuccaneersJon Gruden
82%
42GiantsTom Coughlin
80%
11RaidersJohn Madden
79%
6CowboysTom Landry
79%
21GiantsBill Parcells
78%
9SteelersChuck Noll
78%
20BearsMike Ditka
78%
1649ersBill Walsh
77%
52EaglesDoug Pederson
75%
40SteelersBill Cowher
72%
32BroncosMike Shanahan
72%
31PackersMike Holmgren
67%
34RamsDick Vermeil
63%
17RedskinsJoe Gibbs
63%
50BroncosGary Kubiak
62%
4ChiefsHank Stram
57%
35RavensBrian Billick
53%
30CowboysBarry Switzer
52%
2449ersGeorge Seifert
49%
15RaidersTom Flores
47%
3JetsWeeb Ewbank
43%
5ColtsDon McCafferty
16%

Score Distribution

Percentile by Number Answered

Percent of People with Each Score

Your Score History

You have not taken this quiz since the last reset